000 00297nam a22001337a 4500
008 181006b xxu||||| |||| 00| 0 eng d
020 _a9780134409184
041 _aeng
080 _24th
_a330
100 _a52
101 _aMIK
245 _aPrinciples of Microeconomics
_cCase
942 _2udc
_cBK
999 _c48970
_d48970